|
|
|
|
| LEADER |
00000nam0a2200000 4500 |
| 001 |
268501 |
| 005 |
20231101234155.0 |
| 035 |
|
|
|a (RuTPU)RU\TPU\book\291652
|
| 090 |
|
|
|a 268501
|
| 100 |
|
|
|a 20140904d1986 km y0rusy50 ca
|
| 101 |
0 |
|
|a rus
|a eng
|
| 102 |
|
|
|a RU
|
| 105 |
|
|
|a y e 001zy
|
| 200 |
1 |
|
|a Частотный англо- русский словарь. Подъязык экономики
|f Ленинградский государственный университет (ЛГУ) ; сост. Д. А. Кадиева, Н. Л. Маркова
|
| 210 |
|
|
|a Ленинград
|c Изд-во Ленинградского ун-та
|d 1986
|
| 215 |
|
|
|a 128 с.
|
| 606 |
1 |
|
|a Английский язык
|x Другие типы словарей
|2 stltpush
|3 (RuTPU)RU\TPU\subj\29065
|9 52477
|
| 610 |
1 |
|
|a лексика
|
| 610 |
1 |
|
|a словари
|
| 610 |
1 |
|
|a словарный состав
|
| 610 |
1 |
|
|a частотные словари
|
| 610 |
1 |
|
|a англо-русские словари
|
| 610 |
1 |
|
|a экономические термины
|
| 686 |
|
|
|a Ш143.21-49
|v LBC/SL-A
|2 rubbk
|
| 702 |
|
1 |
|a Кадиева
|b Д. А.
|4 220
|
| 702 |
|
1 |
|a Маркова
|b Н. Л.
|4 220
|
| 712 |
0 |
2 |
|a Ленинградский государственный университет (ЛГУ)
|c (1924-1991)
|2 stltpush
|3 (RuTPU)RU\TPU\col\77
|
| 801 |
|
1 |
|a RU
|b 63413507
|c 20140904
|
| 801 |
|
2 |
|a RU
|b 63413507
|c 20170220
|g RCR
|
| 942 |
|
|
|c BK
|